| 000 | 01731cam a2200385 a 4500 | ||
|---|---|---|---|
| 999 |
_c331727 _d331727 |
||
| 001 | 16136940 | ||
| 003 | NUST | ||
| 005 | 20171019121415.0 | ||
| 008 | 100316s2008 pk a 000 0durd | ||
| 010 | _a 2010340604 | ||
| 020 | _a9789693702835 | ||
| 025 | _aP-U-2010340604; 32 | ||
| 040 |
_aDLC _cDLC _dDLC |
||
| 042 | _alcode | ||
| 043 | _aa-pk--- | ||
| 050 | 0 | 0 | _aDS384+ |
| 066 |
_c(3 _c(4 |
||
| 082 |
_a954.9043 _bKHA |
||
| 100 | 1 |
_6880-01 _aK̲h̲ān, ʻAbdulqayyūm, _d1924-2015. _95528 |
|
| 245 | 1 | 0 |
_6880-02 _aMuz̲ākarāt se Mārshal lāʼ tak / _cSardār Muḥammad ʻAbdulqayyūm K̲h̲ān. |
| 250 |
_6880-03 _aIshāʻat 1. |
||
| 260 |
_6880-04 _aIslāmābād : _bNaishnal Buk Fāʼūnḍeshan, _c2008. |
||
| 300 |
_a152 p. : _bill. ; _c22 cm. |
||
| 500 | _aIn Urdu. | ||
| 520 | _aPolitical memoirs of ʻAbdulqayyūm K̲h̲ān with special reference to the 1977 election crisis in Pakistan and the imposition of Martial law in the country. | ||
| 600 | 1 | 0 |
_6880-05 _aK̲h̲ān, ʻAbdulqayyūm, _d1924-2015. _95528 |
| 651 | 0 |
_aPakistan _xPolitics and government _y1971- _95529 |
|
| 710 | 2 |
_6880-06 _aNational Book Foundation (Pakistan) _91397 |
|
| 880 | 1 |
_6100-01/(3/r _aخان، سردار محمّد عبدالقيّوم. |
|
| 880 | 1 | 0 |
_6245-02/(3/r _aمذاکرات سے مارشل لاء تک / _cسردار محمّد عبدالقيّوم خان. |
| 880 |
_6250-03/(3/r _aاشاعت 1. |
||
| 880 |
_6260-04/(3/r _aاسلامآباد : _bنيشنل بک فاؤنڈيشن، _c2008. |
||
| 880 | 1 | 4 |
_6600-05/(3/r _aخان، سردار محمّد عبدالقيّوم. |
| 880 | 2 |
_6710-06/(3/r _aنيشنل بک فاؤنڈيشن (Pakistan) |
|
| 906 |
_a7 _bibc _corigode _d3 _encip _f20 _gy-nonroman |
||
| 942 |
_2ddc _cBK |
||